Science Quiz

Random Science or Astronomy Quiz

Scientists in Comic Books Quiz Stats

 Plays Quiz Updated Jun 12, 2019

Score 0/9 Timer 02:00
6 Plays Today
% Correct
Hawking
97.7%
Einstein
96.7%
Degrasse-Tyson
94.9%
Galileo
94.4%
Tesla
89.2%
Leonardo
86.1%
Faraday
85.2%
Newton
81.3%
Mendel
80.4%

You're not logged in!

Compare scores with friends on all Sporcle quizzes.
OR
Log In

Sporcle TV

Today on Sporcle TV


Watch our educational content, quiz creation guides, and fun videos on Sporcle TV.

Show Comments

Extras

Top Quizzes Today


Score Distribution

Your Account Isn't Verified!

In order to create a playlist on Sporcle, you need to verify the email address you used during registration. Go to your Sporcle Settings to finish the process.

Report this User

Report this user for behavior that violates our Community Guidelines.

Details: